Factual communication : a handbook of American English.

Bibliographic Details
Main Author: Guthrie, L. O. (Ledru O.)
Format: Book
Language:English
Published: New York : Macmillan, 1948.
Subjects:

MARC

Tag First Indicator Second Indicator Subfields
LEADER 00000cam a2200000 4500
001 in00000021485
005 20151007062329.0
008 750904s1948 nyua b 00000 eng d
010 |a  48005412  
035 |a (OCoLC)01598960 
035 |9 AAD4580AM 
040 |a DZM  |c DZM  |d TXA  |d UtOrBLW 
049 |a TXAM  |c [378794] 
050 0 0 |a PE1408  |b .G94 
082 0 |a 808 
092 |a 808  |b G984If 
100 1 |a Guthrie, L. O.  |q (Ledru O.) 
245 1 0 |a Factual communication :  |b a handbook of American English. 
264 1 |a New York :  |b Macmillan,  |c 1948. 
300 |a x, 448 pages :  |b illustrations ;  |c 22 cm. 
336 |a text  |b txt  |2 rdacontent 
337 |a unmediated  |b n  |2 rdamedia 
338 |a volume  |b nc  |2 rdacarrier 
504 |a Includes "References." 
650 0 |a English language  |x Composition and exercises. 
999 |a MARS 
999 f f |s 2098a6ca-6e2d-3c01-8248-d1a5b335f529  |i bff37f74-a118-373f-9aab-6209ecf02088  |t 0 
952 f f |p ric  |a Texas A&M University  |b Rellis Campus  |c Joint Library Facility  |d Remote Storage  |t 0  |e PE1408 .G94  |h Library of Congress classification  |i unmediated -- volume  |m A14801193950 
998 f f |a PE1408 .G94  |t 0  |l Remote Storage